Estatutos de la Asociación y de la Caja de Auxilios y Reintegros / Los Previsores del Porvenir
Descripción Física:
46 p. ; 16'5 cm
MARC
| LEADER | 00000nam a2200000Ia 4500 | ||
|---|---|---|---|
| 001 | 11701 | ||
| 008 | 160829s1925 xx 000 0 cat d | ||
| 080 | |a RF-4-1 | ||
| 110 | 2 | |a Los Previsores del Porvenir (Entitat) |9 55137 | |
| 245 | |a Estatutos de la Asociación y de la Caja de Auxilios y Reintegros / Los Previsores del Porvenir | ||
| 260 | |a Madrid : |b (Nueva Imp. Radio), |c 1925 | ||
| 300 | |a 46 p. ; |c 16'5 cm | ||
| 610 | 2 | 0 | |a Los Previsores del Porvenir (Entitat) |x Estatuts |9 55138 |
| 650 | |a Companyies d'assegurances |9 25732 | ||
| 856 | 4 | |u https://media.diba.cat/diba/fitxers/arxiu/fulletons/bib_11701_1925_baixa.pdf |y Accés lliure | |
| 856 | 4 | |u https://media.diba.cat/diba/fitxers/arxiu/fulletons/bib_11701_1925_baixa.pdf |y Accés lliure | |
| 901 | |a Arxiu | ||
| 942 | |n 1 |2 udc | ||
| 952 | |0 0 |1 0 |4 0 |6 RF41 |7 1 |9 43768 |a Arxiu |b Arxiu |d 2016-12-01 |l 0 |o RF-4-1 |p 11701 |r 2016-12-01 00:00:00 |w 2016-12-01 |y ARXIU | ||
| 999 | |c 46316 |d 46316 | ||
| 900 | |a bib_11701_1925_baixa.pdf | ||